Essentials of investments / (Record no. 12825)
[ view plain ]
| 000 -LEADER | |
|---|---|
| fixed length control field | 01904cam a2200349 a 4500 |
| 001 - CONTROL NUMBER | |
| control field | 3542380 |
| 005 - DATE AND TIME OF LATEST TRANSACTION | |
| control field | 19980102145116.3 |
| 008 - FIXED-LENGTH DATA ELEMENTS--GENERAL INFORMATION | |
| fixed length control field | 970416s1998 maua b 001 0 eng |
| 010 ## - LIBRARY OF CONGRESS CONTROL NUMBER | |
| LC control number | |
| 020 ## - INTERNATIONAL STANDARD BOOK NUMBER | |
| International Standard Book Number | 978007126324 (acidfree paper) |
| 020 ## - INTERNATIONAL STANDARD BOOK NUMBER | |
| International Standard Book Number | 9780071263245 (Wall Street Journal ed.) |
| 040 ## - CATALOGING SOURCE | |
| Original cataloging agency | DLC |
| Transcribing agency | DLC |
| Modifying agency | DLC |
| 050 00 - LIBRARY OF CONGRESS CALL NUMBER | |
| Classification number | HG4521 |
| Item number | .B563 1998 |
| 082 00 - DEWEY DECIMAL CLASSIFICATION NUMBER | |
| Classification number | 332.6 |
| Edition number | 21 |
| Item number | BOD |
| 100 1# - MAIN ENTRY--PERSONAL NAME | |
| Personal name | Bodie, Zvi. |
| 9 (RLIN) | 9024 |
| 245 10 - TITLE STATEMENT | |
| Title | Essentials of investments / |
| Statement of responsibility, etc | Zvi Bodie, Alex Kane, Alan J. Marcus. |
| 250 ## - EDITION STATEMENT | |
| Edition statement | 7th ed |
| 260 ## - PUBLICATION, DISTRIBUTION, ETC. (IMPRINT) | |
| Place of publication, distribution, etc | Boston, Mass. : |
| Name of publisher, distributor, etc | Irwin/McGraw Hill, |
| Date of publication, distribution, etc | c2008 |
| 300 ## - PHYSICAL DESCRIPTION | |
| Extent | xxiv, 706 p. : |
| Other physical details | ill. (some col.) ; |
| Dimensions | 27 cm. |
| 440 #0 - | |
| -- | Irwin/McGraw-Hill series in finance, insurance, and real estate |
| -- | 9025 |
| 504 ## - BIBLIOGRAPHY, ETC. NOTE | |
| Bibliography, etc | Includes bibliographical references (p. 590-593) and indexes. |
| 650 #0 - SUBJECT ADDED ENTRY--TOPICAL TERM | |
| Topical term or geographic name as entry element | Investments. |
| 9 (RLIN) | 9026 |
| 700 1# - ADDED ENTRY--PERSONAL NAME | |
| Personal name | Kane, Alex. |
| 9 (RLIN) | 9027 |
| 700 1# - ADDED ENTRY--PERSONAL NAME | |
| Personal name | Marcus, Alan J. |
| 9 (RLIN) | 9028 |
| 906 ## - LOCAL DATA ELEMENT F, LDF (RLIN) | |
| a | 7 |
| b | cbc |
| c | orignew |
| d | 1 |
| e | ocip |
| f | 19 |
| g | y-gencatlg |
| 942 ## - ADDED ENTRY ELEMENTS (KOHA) | |
| Source of classification or shelving scheme | Dewey Decimal Classification |
| Item type | |
| Withdrawn status | Item status | Source of classification or shelving scheme | Damaged status | Not for loan | Vendor | Home library | Current library | Shelving location | Date acquired | Source of acquisition | Total Checkouts | Total Renewals | Full call number | Barcode | Date last seen | Date last borrowed | Koha item type |
|---|---|---|---|---|---|---|---|---|---|---|---|---|---|---|---|---|---|
| Dewey Decimal Classification | Baccah | Central Library | Central Library | First floor | 20/10/2009 | 9 | 46 | 332.6 BOD | 000018435 | 15/07/2025 | 31/10/2020 | Book - Borrowing | |||||
| Dewey Decimal Classification | Central Library | Central Library | First floor | 20/10/2009 | 5 | 332.6 BOD | 000018425 | 15/07/2025 | 22/03/2016 | Book - Borrowing | |||||||
| Dewey Decimal Classification | Baccah | Central Library | Central Library | First floor | 20/10/2009 | 11 | 47 | 332.6 BOD | 000018427 | 15/07/2025 | 19/02/2018 | Book - Borrowing | |||||
| Dewey Decimal Classification | Baccah | Central Library | Central Library | First floor | 20/10/2009 | 11 | 23 | 332.6 BOD | 000018434 | 15/07/2025 | 22/03/2016 | Book - Borrowing |